000 01435cam a22003857a 4500
003 CHAP
005 20220329141940.0
008 980907d1998 mx r 00110 spa d
010 _a76127
011 _a77099
035 _a86701
040 _cCHAP
090 _aTesis
100 0 0 _aEspinosa Zaragoza, Saúl.
_938014
245 1 0 _aEstudio de viabilidad técnico-económica de dos plantas productoras de hongo Pleurotus sp. con diferente capacidad instalada
_c/por Saúl Espinosa Zaragoza y Carlos David Ayala Beltrán
260 _aChapingo, Méx. :
_bEl autor,
_c1998.
300 _a87 h. :
_bcuadros
502 _aTesis (Ing. Agr. Esp. en Fitotecnia) -- UACH. Departamento de Fitotecnia
590 _aALEPH
_b10
_c20130110
_lUCH01
_h1425
590 _aBATCH-UPD
_b10
_c20130110
_lUCH01
_h0608
590 _aBATCH-UPD
_b10
_c20130410
_lUCH01
_h0250
590 _aBATCH-UPD
_b10
_c20130914
_lUCH01
_h0459
590 _aCONVERSION
_b10
_c20130109
_lUCH01
_h1342
650 1 4 _aHongos comestibles.
_956124
650 1 4 _aIndustrias agrícolas.
_957925
650 1 4 _aPleurotus.
_989173
650 1 4 _aProyectos
_xEvaluación.
_992525
700 0 _aAyala Beltrán, Carlos David.
_98917
901 _aBK
905 _aMayto Villalobos S.
942 _cFOLL
949 _bBC
_cTES
_d33724000589156
_eTS2
_fc.2
_h32603
_i86701
_si
949 _bBC
_cTES
_d33724000764270
_eTS2
_fc.3
_h35970
_i86701
_si
949 _bBC
_cTES
_d86701
_eTS1
_h32602
_i86701
_sb
999 _c76127
_d76127